Airlines that serve Beijing Capital (PEK) - Statistics

General Stats
  • This quiz has been taken 12 times
  • The average score is 32 of 48
Answer Stats
Airline % Correct
Air China
100%
Air France
100%
Asiana Airlines
100%
China Airlines
100%
Emirates
100%
Korean Air
100%
Lufthansa
100%
Singapore Airlines
100%
United Airlines
100%
Cathay Pacific
88%
China Eastern Airlines
88%
Egyptair
88%
Ethiopian Airlines
88%
EVA Air
88%
Japan Airlines
88%
Sichuan Airlines
88%
Air Canada
75%
All Nippon Airways
75%
Hainan Airlines
75%
Jeju Air
75%
KLM
75%
MIAT Mongolian Airlines
75%
Philippine Airlines
75%
Shenzhen Airlines
75%
Turkish Airlines
75%
Turkmenistan Airlines
75%
Vietnam Airlines
75%
Air Astana
63%
Air Koryo
63%
Azerbaijan Airlines
63%
Hong Kong Airlines
63%
Shandong Airlines
63%
Thai Airways International
63%
Uzbekistan Airways
63%
Kunming Airlines
50%
Loong Air
50%
Mahan Air
50%
SriLankan Airlines
50%
Air Algérie
38%
Pakistan International Airlines
38%
Air Macau
25%
Dalian Airlines
25%
Fuzhou Airlines
25%
Grand China Air
25%
Iraqi Airways
25%
Maldivian
25%
Tibet Airlines
25%
Lucky Air
13%
No matching quizzes found
Score Distribution
Percent of People with Each Score
Percentile by Number Answered
Your Score History
You have not taken this quiz